Oceanian Geography by Letter - P - Statistics

General Stats
  • This quiz has been taken 570 times
  • The average score is 11 of 20
Answer Stats
Hint Answer % Correct
Capital of Western Australia Perth
97%
Country that borders Indonesia Papua New Guinea
95%
Country east of the Philippines Palau
92%
Coconuts come from this tree Palm
87%
Naval base attacked in 1941 Pearl Harbor
87%
Capital of the above Port Moresby
80%
Oceanian sub-region Polynesia
77%
Duck-billed, egg-laying mammal Platypus
75%
The "peaceful sea" Pacific Ocean
70%
Bird on that country's flag Bird-of-{Paradise}
69%
Capital of Vanuatu Port Vila
60%
Capital of FS of Micronesia Palikir
56%
Island first settled by HMS Bounty mutineers Pitcairn Island
49%
Substance formerly mined in Nauru Phosphate
37%
American Samoa's capital Pago Pago
30%
Highest mountain peak in Oceania. Located in Indonesia {Puncak} Jaya
22%
Hawaiian food made from taro Poi
21%
Solomon Islands' main language Pijin
17%
Largest island of FS of Micronesia Pohnpei
10%
Former name of Nauru {Pleasant} Island
8%
No matching quizzes found
Score Distribution
Percent of People with Each Score
Percentile by Number Answered
Your Score History
You have not taken this quiz